Logos de voiture (Facile) - Statistiques

Statistiques générales
  • Ce quiz a été pris 600 fois
  • Le résultat moyen est 15 sur 16
Statistiques - réponses
Par images Réponse % Correct
Peugeot
98%
Audi
97%
Bmw
97%
Ferrari
97%
Mercedes
97%
Toyota
97%
Renault
96%
Honda
95%
Chevrolet
93%
Lamborghini
91%
Volkswagen
91%
Bentley
88%
Dacia
88%
Hyundai
87%
Mazda
84%
Mustang
74%
Aucun quiz correspondant
Distribution des résultats
% des personnes avec chaque résultat
Percentile par nombre de réponses
Votre historique - résultats
Vous n’avez pas pris ce quiz